000 00664nam a22001937a 4500
999 _c9903
_d9903
003 AR-CdUCM
008 190328b ||||| |||| 00| 0 spa d
040 _aMUNICIPALIDAD PROVINCIAL DEL CUSCO
_cBIBLIOTECA MUNICIPAL DEL CUSCO
082 _aC / 869.44 /
_bC59
100 _aClaros Lafuentes, Jorge
_926437
245 _aDe Profundis :
_bCanto a los Mineros de la Patria /
260 _aBolivia :
_bImprenta de la Universidad Mayor de San Andres ,
_c1970.
300 _a68 páginas ;
_c18.2 cm.
650 _aPoesia Cantada
_926438
650 _aPoesia Boliviana
_92577
650 _aPoesia Latinoamericana
_92147
942 _2ddc
_cLIBROS
945 _apjha
_d2019-05-14